000 006030000a22001810004500
999 _c54171
_d54171
001 768714001
003 CO-MdFUSB
005 20170814110634.0
008 170814s2001 xxu||||| |||| 00| 0 eng d
022 _a0098-9444
040 _aCO-MdFUSB
_bspa
_cCO-MdFUSB
_dCO-MdFUSB
041 _aeng
245 1 0 _aTemple mount update :
_bexcaving dump yields lintel, other artifacts
300 _aVolumen 27. Número 2 (2001), Páginas 16-17
_c28 cm.
546 _aTexto en inglés
773 0 _tBiblical Archaeology Review
_049395
_959469
_gVolumen 27. Número 2 (2001), Páginas 16-17
_qPágina 16
942 _cANA